<?xml version="1.0" encoding="UTF-8"?><?xml-stylesheet type="text/xsl" href="static/style.xsl"?><OAI-PMH xmlns="http://www.openarchives.org/OAI/2.0/" xmlns:xsi="http://www.w3.org/2001/XMLSchema-instance" xsi:schemaLocation="http://www.openarchives.org/OAI/2.0/ http://www.openarchives.org/OAI/2.0/OAI-PMH.xsd"><responseDate>2026-04-17T14:09:55Z</responseDate><request verb="GetRecord" identifier="oai:www.recercat.cat:10230/22986" metadataPrefix="marc">https://recercat.cat/oai/request</request><GetRecord><record><header><identifier>oai:recercat.cat:10230/22986</identifier><datestamp>2025-12-19T20:29:44Z</datestamp><setSpec>com_2072_6</setSpec><setSpec>col_2072_452954</setSpec></header><metadata><record xmlns="http://www.loc.gov/MARC21/slim" xmlns:dcterms="http://purl.org/dc/terms/" xmlns:xsi="http://www.w3.org/2001/XMLSchema-instance" xmlns:doc="http://www.lyncode.com/xoai" xsi:schemaLocation="http://www.loc.gov/MARC21/slim http://www.loc.gov/standards/marcxml/schema/MARC21slim.xsd">
   <leader>00925njm 22002777a 4500</leader>
   <datafield ind2=" " ind1=" " tag="042">
      <subfield code="a">dc</subfield>
   </datafield>
   <datafield ind2=" " ind1=" " tag="720">
      <subfield code="a">Vega Martínez, Andrea</subfield>
      <subfield code="e">author</subfield>
   </datafield>
   <datafield ind2=" " ind1=" " tag="260">
      <subfield code="c">2014-12-17T14:29:37Z</subfield>
   </datafield>
   <datafield ind2=" " ind1=" " tag="260">
      <subfield code="c">2014-12-17T14:29:37Z</subfield>
   </datafield>
   <datafield ind2=" " ind1=" " tag="260">
      <subfield code="c">2013</subfield>
   </datafield>
   <datafield ind2=" " ind1=" " tag="520">
      <subfield code="a">Memòria del treball de Fi de Grau en Negocis i Màrqueting Internacionals (ESCI). Curs 2012-2013</subfield>
   </datafield>
   <datafield ind2=" " ind1=" " tag="520">
      <subfield code="a">Director: Anders Braekken</subfield>
   </datafield>
   <datafield ind2=" " ind1=" " tag="520">
      <subfield code="a">Study of the trade relations between the Nordic countries and Catalonia, based on the analysis of the current connections and gaps of these relationships. Project focused on the study of clusters as a source of (inter)national competitiviness and overview of the agencies that help these relationships. Immersion in the biotechnology industry as a business opportunity and cooperation between the two markets studied.</subfield>
   </datafield>
   <datafield ind2=" " ind1=" " tag="520">
      <subfield code="a">Estudi de les relacions comercials entre els Països Nòrdics i Catalunya, basat en l&amp;apos;anàlisi de les connexions i els buits existents en aquestes relacions. Projecte enfocat a l&amp;apos;estudi dels clústers com a font de competitivitat (inter)nacional i recull dels organismes que ajuden a aquestes relacions. Immersió en la indústria biotecnològica com  a oportunitat de negoci i cooperació entre els dos mercats estudiats.</subfield>
   </datafield>
   <datafield ind2=" " ind1=" " tag="520">
      <subfield code="a">Estudio de las relaciones comerciales entre los Paises Nórdicos y Cataluña, basado en el análisis de las conexiones y los vacios existentes en estas relaciones. Proyecto enfocado al estudio de los clústeres como fuente de competitividad (inter)nacional y la recopilación  de los organismos que ayudan a estas relaciones. Immersión en la indústria biotecnológica como oportunidad de negocio y cooperación entre los dos mercados estudiados.</subfield>
   </datafield>
   <datafield tag="653" ind2=" " ind1=" ">
      <subfield code="a">Treball de fi de grau – Curs 2012-2013</subfield>
   </datafield>
   <datafield tag="653" ind2=" " ind1=" ">
      <subfield code="a">Economia internacional</subfield>
   </datafield>
   <datafield tag="653" ind2=" " ind1=" ">
      <subfield code="a">Biotecnologia</subfield>
   </datafield>
   <datafield tag="653" ind2=" " ind1=" ">
      <subfield code="a">Sistemes productius locals</subfield>
   </datafield>
   <datafield tag="653" ind2=" " ind1=" ">
      <subfield code="a">Catalunya -- Comerç -- S. XXI</subfield>
   </datafield>
   <datafield tag="653" ind2=" " ind1=" ">
      <subfield code="a">Escandinàvia -- Relacions econòmiques exteriors -- S.XXI</subfield>
   </datafield>
   <datafield ind2="0" ind1="0" tag="245">
      <subfield code="a">Trade relations between Catalonia and the Nordic countries and the introduction of our products in this market</subfield>
   </datafield>
</record></metadata></record></GetRecord></OAI-PMH>